000 00595nam a2200205Ia 4500
005 20250508170137.0
008 008 250505s9999 xx 000 0 eng d
020 _a81-246-0054-6
037 _aTextBook
040 _aFEDL
_beng
_cFEDL
041 _aeng
_2eng
084 _a306.43, SAR/R
_qFEDL
100 _aSaraswati Baidyanath Ed.
245 0 _aCultural dimension of education
260 _aNew Delhi, India
_bIndira Gandhi National Centre for the Arts
_c1998
300 _axxii, 258p.
365 _aINR
_b700
942 _cTB
_h306.43, SAR/R
999 _c1399437
_d1399437